<?xml version="1.0" encoding="UTF-8"?>
<record
    xmlns:xsi="http://www.w3.org/2001/XMLSchema-instance"
    xsi:schemaLocation="http://www.loc.gov/MARC21/slim http://www.loc.gov/standards/marcxml/schema/MARC21slim.xsd"
    xmlns="http://www.loc.gov/MARC21/slim">

  <leader>00661nam a22001697a 4500</leader>
  <datafield tag="999" ind1=" " ind2=" ">
    <subfield code="c">178212</subfield>
    <subfield code="d">178212</subfield>
  </datafield>
  <datafield tag="010" ind1=" " ind2=" ">
    <subfield code="a">MAL 9241</subfield>
  </datafield>
  <datafield tag="020" ind1=" " ind2=" ">
    <subfield code="a">978-81-8268-045-6</subfield>
    <subfield code="c">120.00</subfield>
  </datafield>
  <datafield tag="035" ind1=" " ind2=" ">
    <subfield code="a">MA-8698</subfield>
  </datafield>
  <datafield tag="037" ind1=" " ind2=" ">
    <subfield code="a">DBAD/PUB</subfield>
  </datafield>
  <datafield tag="082" ind1=" " ind2=" ">
    <subfield code="a">700.415</subfield>
  </datafield>
  <datafield tag="100" ind1=" " ind2=" ">
    <subfield code="a">&#xD36;&#xD19;&#xD4D;&#xD15;&#xD41;&#xD23;&#xD4D;&#xD23;&#xD3F;, &#xD15;&#xD4A;&#xD1F;&#xD4D;&#xD1F;&#xD3E;&#xD30;&#xD24;&#xD4D;&#xD24;&#xD3F;&#xD7D;   </subfield>
  </datafield>
  <datafield tag="245" ind1=" " ind2=" ">
    <subfield code="a">&#xD10;&#xD24;&#xD3F;&#xD39;&#xD4D;&#xD2F;&#xD2E;&#xD3E;&#xD32; : &#xD05;&#xD2D;&#xD41;&#xD24;&#xD15;&#xD25;&#xD15;&#xD7E; /</subfield>
    <subfield code="c">&#xD15;&#xD4A;&#xD1F;&#xD4D;&#xD1F;&#xD3E;&#xD30;&#xD24;&#xD4D;&#xD24;&#xD3F;&#xD7D; &#xD36;&#xD19;&#xD4D;&#xD15;&#xD41;&#xD23;&#xD4D;&#xD23;&#xD3F;</subfield>
  </datafield>
  <datafield tag="260" ind1=" " ind2=" ">
    <subfield code="a">Kozhikode</subfield>
    <subfield code="b">&#xD2E;&#xD3E;&#xD24;&#xD43;&#xD2D;&#xD42;&#xD2E;&#xD3F; &#xD2C;&#xD41;&#xD15;&#xD4D;&#xD38;&#xD4D; </subfield>
    <subfield code="c">2019</subfield>
  </datafield>
  <datafield tag="270" ind1=" " ind2=" ">
    <subfield code="a">MM Press, Cherooty Road, Kozhikode-673001</subfield>
  </datafield>
  <datafield tag="300" ind1=" " ind2=" ">
    <subfield code="a">126p.</subfield>
    <subfield code="b">21cm(pbk)</subfield>
  </datafield>
  <datafield tag="942" ind1=" " ind2=" ">
    <subfield code="2">ddc</subfield>
    <subfield code="c">MA</subfield>
    <subfield code="h">700.415</subfield>
    <subfield code="m">&#xD36;&#xD19;&#xD4D;&#xD15;&#xD41;</subfield>
  </datafield>
  <datafield tag="952" ind1=" " ind2=" ">
    <subfield code="0">0</subfield>
    <subfield code="1">0</subfield>
    <subfield code="4">0</subfield>
    <subfield code="7">0</subfield>
    <subfield code="8">NFIC</subfield>
    <subfield code="a">DBAD</subfield>
    <subfield code="b">DBAD</subfield>
    <subfield code="d">2021-03-22</subfield>
    <subfield code="g">120.00</subfield>
    <subfield code="l">0</subfield>
    <subfield code="o">700.415 &#xD36;&#xD19;&#xD4D;&#xD15;&#xD41;</subfield>
    <subfield code="p">MA-8698</subfield>
    <subfield code="r">2021-03-22 00:00:00</subfield>
    <subfield code="t">1</subfield>
    <subfield code="v">120.00</subfield>
    <subfield code="w">2021-03-22</subfield>
    <subfield code="y">MA</subfield>
  </datafield>
</record>
